Catálogo

Por cuatro esquinitas de nada / (Registro nro. 70683)

Detalles MARC
000 -LEADER
fixed length control field 01420nam a2200361 i 4500
001 - CONTROL NUMBER
control field 70683
003 - CONTROL NUMBER IDENTIFIER
control field Mx-PuUPA
005 - DATE AND TIME OF LATEST TRANSACTION
control field 20240410104332.0
008 - FIXED-LENGTH DATA ELEMENTS--GENERAL INFORMATION
fixed length control field 230810s2018 sp a|||gr|||| 00| 0 spa d
017 ## - COPYRIGHT OR LEGAL DEPOSIT NUMBER
Copyright or legal deposit number B 3434-2012
020 ## - INTERNATIONAL STANDARD BOOK NUMBER
International Standard Book Number 9788426134479
040 ## - CATALOGING SOURCE
Original cataloging agency Mx-PuUPA
Language of cataloging spa
Transcribing agency Mx-PuUPA
Modifying agency Mx-PuUPA
Description conventions rda
041 1# - LANGUAGE CODE
Language code of text/sound track or separate title spa
Language code of original fre
100 1# - MAIN ENTRY--PERSONAL NAME
Personal name Ruillier, Jérôme,
Dates associated with a name 1966-
9 (RLIN) 14611
Relator term autor
240 10 - UNIFORM TITLE
Uniform title Quatre petits coins de rien du tout.
Language of a work Español
245 14 - TITLE STATEMENT
Title Por cuatro esquinitas de nada /
Statement of responsibility, etc. Jérôme Ruillier ; traducción castellana, Élodie Bourgeois
250 ## - EDITION STATEMENT
Edition statement Novena edición
264 #1 - PRODUCTION, PUBLICATION, DISTRIBUTION, MANUFACTURE, AND COPYRIGHT NOTICE
Place of production, publication, distribution, manufacture Barcelona :
Name of producer, publisher, distributor, manufacturer Editorial Juventud,
Date of production, publication, distribution, manufacture, or copyright notice 2018
300 ## - PHYSICAL DESCRIPTION
Extent 1 volumen (sin paginación) :
Other physical details ilustraciones (a color) ;
Dimensions 22 cm
336 ## - CONTENT TYPE
Fuente rdacontent
Content type term texto
Content type code txt
337 ## - MEDIA TYPE
Source rdamedia
Media type term sin medio
Media type code n
338 ## - CARRIER TYPE
Source rdacarrier
Carrier type term volumen
Carrier type code nc
650 #7 - SUBJECT ADDED ENTRY--TOPICAL TERM
Source of heading or term armarc
Topical term or geographic name entry element Amistad
General subdivision Literatura infantil
650 #7 - SUBJECT ADDED ENTRY--TOPICAL TERM
Source of heading or term armarc
Topical term or geographic name entry element Figuras geométicas
General subdivision Literatura infantil
650 #7 - SUBJECT ADDED ENTRY--TOPICAL TERM
Source of heading or term armarc
Topical term or geographic name entry element Libros ilustrados para niños
650 #7 - SUBJECT ADDED ENTRY--TOPICAL TERM
Source of heading or term armarc
Topical term or geographic name entry element Cuentos infantiles
700 1# - ADDED ENTRY--PERSONAL NAME
Personal name Bourgeois, Élodie,
Relator term traductor
765 08 - ORIGINAL LANGUAGE ENTRY
Main entry heading Ruillier, Jérôme, 1966-
Place, publisher, and date of publication Barcelona : Bilboquet-Valbert, 2004
Title Quatre petits coins de rien du tout.
942 ## - ADDED ENTRY ELEMENTS (KOHA)
Source of classification or shelving scheme Dewey Decimal Classification
Koha item type Libro
Classification part 808.068
Item part R934
Existencias
Withdrawn status Lost status Source of classification or shelving scheme Damaged status Not for loan Collection code Home library Current library Shelving location Date acquired Source of acquisition Cost, normal purchase price Total Checkouts Full call number Barcode Date last seen Copy number Cost, replacement price Price effective from Koha item type
    Dewey Decimal Classification     Infantil Biblioteca Karol Wojtyla Biblioteca Karol Wojtyla Área de silencio 07/08/2023 1 359.00   808.068 R934 2018 103388 05/01/2026 Ej.2 359.00 07/08/2023 Libro infantil
    Dewey Decimal Classification     Infantil Biblioteca Karol Wojtyla Biblioteca Karol Wojtyla Área de silencio 07/08/2023 1 359.00   808.068 R934 2018 103387 05/01/2026   359.00 07/08/2023 Libro infantil